Sports Quiz

Random Sports or College Quiz

NBA Draft 2009: 1st rounders Quiz Stats

 Plays Quiz not verified by Sporcle

Support Sporcle.
Go Orange.
Score 0/30 Timer 08:00
0 Plays Today
Pick Number Name % Correct
1Blake Griffin
97.6%
7Stephen Curry
91.4%
5Ricky Rubio
89.1%
2Hasheem Thabeet
86.2%
3James Harden
86.1%
6Jonny Flynn
81.3%
4Tyreke Evans
76.6%
13Tyler Hansbrough
62.1%
18Ty Lawson
59%
8Jordan Hill
58.2%
11Terrence Williams
57.6%
9Demar DeRozan
54.6%
12Gerald Henderson
49.3%
16James Johnson
48.2%
28Wayne Ellington
47.2%
Pick Number Name % Correct
20Eric Maynor
44.2%
21Darren Collison
41%
10Brandon Jennings
40.3%
17Jrue Holiday
40%
19Jeff Teague
40%
14Earl Clark
39%
26Taj Gibson
37.8%
15Austin Daye
36.6%
29Toney Douglas
32%
23Omri Casspi
31.5%
24BJ Mullens
31.5%
27DeMarre Carroll
20%
25Rodrigue Beaubois
12.3%
30Christian Eyenga
8.2%
22Victor Claver
6.1%

You're not logged in!

Compare scores with friends on all Sporcle quizzes.
OR
Log In

From the Vault

'C' American History

by william2

Looking for American history trivia? The letter C has you covered.
Remove Ads.
Support Sporcle.
Get the best of Sporcle when you Go Orange. This ad-free experience offers more features, more stats, and more fun while also helping to support Sporcle. Thank you for becoming a member.

Show Comments

Extras

Top Quizzes Today


Score Distribution

Your Account Isn't Verified!

In order to create a playlist on Sporcle, you need to verify the email address you used during registration. Go to your Sporcle Settings to finish the process.

Report this User

Report this user for behavior that violates our Community Guidelines.

Details: